Statystyki dla Top 5 Piosenek Raperów

Kliknij tutaj aby rozwiązać quiz!

Ogólne statystyki

  • Ten quiz został rozwiązany 243 razy
  • Średni wynik to 43 z 150

Statystyki odpowiedzi

HintOdpowiedź% Poprawnych
White 1.California
94%
Mata 4.Patointeligencja
84%
Mata 2.Patoreakcja
80%
Mata 3.Schodki
73%
Mata 1.Kiss cam
71%
Kizo 1.DISNEY
69%
Igi 1.Bestia
61%
OIO 1.Amerykańskie Teledyski
60%
OIO 2.Worki w tłum
60%
Tymek 1.Język Ciała
59%
Young Multi 1.Plecak
56%
Reto 1.UA
55%
White 5.Morgan
54%
​chillwagon 1.@
53%
Quebonafide 1.Half dead
53%
Bedoes 2.Jesteś ładniejsza niż na zdjęciach
53%
Tymek 2.ANIOŁY I DEMONY
52%
Guzior 1.BLUEBERRY
52%
Igi 2.Mówiłaś
52%
Kabe 1.Nad ranem
52%
Szpaku 2.Hinata
50%
Otsochodzi 1.Nie nie
50%
OKI 1.SIRI
50%
Guzior 2.FALA
49%
White 2.Mogę dziś umierać
49%
Guzior 3.Płuca Zlepione Topami
49%
Quebonafide 2.Candy
48%
Paluch 2.SZAMAN
48%
Taco Hemingway 1.Deszcz na betonie
47%
Żabson 2.Księżniczki
47%
Bedoes 1.Eldorado
45%
Tymek 3.RAINMAN
44%
Otsochodzi 2.Nowy Kolor
43%
Mata 5.Papuga
42%
Tymek 4.Poza kontrolą
42%
OIO 3.Przypadkiem
42%
Reto 3.Bossman
41%
Guzior 4.WIFI
41%
Young Multi 2.Pogba
40%
Malik 2.Robię Yeah
40%
Reto 4.Billy Kid
39%
Żabson 1.Floyd Mayweather
39%
Białas 4.Grill u Gawrona
39%
Malik 1.Jagodzianki
39%
Bedoes 3.05:05
38%
Taco Hemingway 3.Nostalgia
38%
Kali 1.30 KMH
37%
​chillwagon 2.jolka
36%
White 4.La Vida Loca
36%
Chivas 1.mam na twarzy krew i tym razem nie jest sztuczna
36%
OIO 4.MVP
36%
Paluch 1.Bez Strachu
35%
Wac Toja 1.KAPITAN
35%
Beteo 1.Meow
35%
Reto 5.Sorry Dolores
35%
White 3.Nowi kumple
34%
Beteo 2.Popstar/Rockstar
34%
OIO 5.Moonwalk
33%
Szpaku 3.Oddajemy krew Wampirom
33%
Kabe 2.Skiety&Klapki
33%
Quebonafide 4.Zorza
33%
Fukaj 2.Owoce
32%
Quebonafide 3.BUBBLETEA
31%
OKI 2.WHOOP
31%
Igi 3.Buzi
30%
​chillwagon 5.chillwagon
30%
Bedoes 4.Janosik
30%
​chillwagon 4.jumper
30%
Taco Hemingway 4.POLSKIE TANGO
30%
Taco Hemingway 5.W PIĄTKI LEŻĘ W WANNIE
30%
Paluch 3.Gdybyś kiedyś
29%
Taco Hemingway 2.Fiji
28%
Sentino 1.RIO
28%
Szpaku 4.UFO
28%
Żabson 3.DMT
26%
Kizo 3.LUCKY PUNCH
26%
Kabe 3.Nike Air Max
26%
Reto 2.Papierosy rmx
26%
Young Multi 3.Diamenty
25%
Żabson 5.Młody Boss
25%
Białas 1. | Solar 1.Intercontinental Bajers
24%
Malik 3.Mówili
24%
Kizo 5.FITNESS
23%
Fukaj 1.Owoce 3
23%
KęKę 1.Wyjebane
23%
Szpaku5.BAJKA
22%
Kizo 2.CZEMPION
22%
Chivas 3.jakbym miał w ręku klamkę
22%
​chillwagon 3.kwit
22%
Bedoes 5.Nadchodzi Lato
22%
Igi 4.HOT16CHALLENGE2
21%
Szpaku 1.Hot16Challenge2
21%
Sentino 5.hot16challenge2
21%
OKI 3.Justin Bieber
21%
Paluch 4.Kontrola Jakości
21%
Chivas 2.Najlepsi pod słońcem
21%
Young Multi 4.Nie Wiem
21%
Otsochodzi 3.AHA
20%
Kabe 5.FEFE
19%
B.R.O 2.Mówiła mi
19%
OKI 4.KOŁA
17%
B.R.O 3.Nowy rozdział
17%
Solar 4.ostatni snap
17%
Kabe 4.Albinos
16%
B.R.O 1.Zimna Jak Lód
16%
Quebonafide 5.Cest la Vie
15%
Malik 4.Naaajak
15%
Otsochodzi 5.Euforia
14%
Chivas 5.hellcat redeye
14%
Guzior 5.KUSHKOMA
14%
Białas 3.Mali ludzie, wielkie nieba
14%
Wac Toja 2.Perfekt
14%
Żabson 4.Small Town Boy
14%
Białas 2.Ból
13%
Wac Toja 4.SCOOBY DOO
13%
Białas 5.Na Serio
12%
Chivas 4.odkąd nauczyłem się
12%
Wac Toja 3.Ciepło ciała
11%
Malik 5.Jungle Boyz
11%
Young Multi 5.Kim Ty Jesteś
11%
Tymek 5.Romans
11%
Igi 5.Deszcz Banknotów
9%
Fukaj 4.DOM DIABŁA
9%
Paluch 5.DYM
9%
Kizo 4.ŻYCIE JEST PIĘKNE
8%
KęKę 2.Nigdy ponad stan
7%
KęKę 5.Smutek
7%
Sentino 2.Algeciras
6%
Fukaj 5.Balon
5%
Solar 2.Nie dla Ciebie
5%
KęKę 3.Presja
5%
Otsochodzi 4.SumieNIE
5%
Fukaj 3.Wczoraj
5%
KęKę 4.Zrobiłeś to chłopak
5%
Wac Toja 5.Klej
4%
Kali 3.Tu gdzie żyjemy
4%
Kali 5.Zwierciadło
4%
Sentino 3.Życie które znam
4%
Sentino 4.Zapytaj O Mnie
3%
Kali 2.Braci się nie traci
2%
Solar 3.Brudna prawda
2%
Beteo 5.Jest si
2%
Beteo 4.Kocha, nie kocham
2%
Solar 5.Byliśmy pyłem gwiazd
1%
B.R.O 5.Do utraty sił
1%
B.R.O 4.Gorzka Czekolada
1%
Beteo 3.Nie wiesz nic
1%
Kali 4.Panta Rhei cuty
1%
OKI 5.Ślad
0%

Rozkład punktacji

Percentyl według liczby udzielonych odpowiedzi

Procent ludzi z każdym wynikiem

Twoja historia wyników

Nie rozwiązałeś tego quizu